000 00593nam a2200193 a 4500
001 000042493
005 20201002040205.0
008 131204s1973 sp a 001 0 spa d
020 _a8430620591
040 _aDO-SdBNP
_bspa
_cBNPHU
082 _axxxx
_bM149J
100 1 _aAguirre, José María
_969688
245 1 0 _aAntonio Machado, poeta Simbolista /
_cJ. M. Aguirre.
260 _aMadrid :
_bTaurus,
_c1973.
300 _a388 p. :
_bil. ;
_c22 cm.
490 1 _aPersiles
_v59
500 _aIncluye referencias bibliográficas y notas al pie de las páginas
830 0 _aPersiles
_n59
_969689
999 _c41982
_d41982